000 00849nam a2200265Ia 4500
003 OSt
005 20220918171029.0
006 a|||||r|||| 00| 0
007 ta
008 220917b |||||||| |||| 00| 0 eng d
020 _a9781138021457 (hbk)
_c8684.45
024 _a286,675
037 _b116, 04/12/2015, Classic Book Service
_cTextual
040 _aARTS
_cARTS
_beng
041 _2eng
_aeng
082 _aV6:2.P1, Q5
100 _aKoechlin Lucy Ed.
_933311
245 0 _aPolitics of governance
_b Actors and articulations in africa and beyond
260 _aNew York
_bRoutledge U.S.A
_c2015
300 _axii, 226p.
_ccm.
490 _aConceptualising comparative politics
650 _aHISTORY
942 _hV6:2.P1, Q5
_cTEXL
_2CC
999 _c137395
_d137395